00330nam a2200097Ia 4500008004100000040002900041050002400070100003600094245006600130260003600196221021s9999||||xx |||||||||||||| ||und|| cChuka University Library aHD 30.27b.B34 1993 aBails,Dale G, Larory C. Pepperd 0aBusiness fluctiations:forecasting techniques and applications aNew jerseybPrentice hallc1993